| 000 | 00741nam a22002297a 4500 | ||
|---|---|---|---|
| 999 |
_c8287 _d8287 |
||
| 001 | 8287 | ||
| 003 | BD-JhCC | ||
| 005 | 20180220134346.0 | ||
| 008 | 180220b2014 bg ||||| |||| 00| 0 ben d | ||
| 035 | _a(BD-JhCC)8287 | ||
| 040 |
_aBD-JhCC _dBD-JhCC |
||
| 041 | _aben | ||
| 082 |
_a297.05 _bHAI 2014 |
||
| 100 | _aহায়দার, ড. এ আর এম আলী | ||
| 245 |
_aইসলাম শিক্ষা দ্বিতীয়পত্র -একাদশ-দ্বাদশ _cড. এ আর এম আলী হায়দার |
||
| 260 |
_aঢাকাঃ _bঅক্ষরপত্র _c2014 |
||
| 300 |
_a280 p. : _c24 cm. |
||
| 650 | _aIslamic Studies | ||
| 650 | _aIslam | ||
| 942 |
_2ddc _cBK |
||